Pokémon - Statistiques (8) - Statistiques

Statistiques générales
  • Ce quiz a été pris 25 fois
  • Le résultat moyen est 26 sur 40
Statistiques - réponses
Question Tuile Select % Correct
Quel Pokémon possède la statistique de base en Défense la plus élevée ? Non
95%
Quel Pokémon possède la statistique de base en Attaque Spéciale la plus élevée ? Non
95%
Quel Pokémon possède la statistique de base en Attaque Spéciale la plus élevée ? Non
95%
Quel Pokémon possède la statistique de base en PV la plus élevée ? Non
95%
Quel Pokémon possède la statistique de base en Défense la plus élevée ? Non
95%
Quel Pokémon possède la statistique de base en PV la plus élevée ? Non
91%
Quel Pokémon possède la statistique de base en Attaque Spéciale la plus élevée ? Non
91%
Quel Pokémon possède la statistique de base en Attaque la plus élevée ? Non
86%
Quel Pokémon possède la statistique de base en Attaque Spéciale la plus élevée ? Non
86%
Quel Pokémon possède la statistique de base en Attaque Spéciale la plus élevée ? Oui
82%
Quel Pokémon possède la statistique de base en Attaque Spéciale la plus élevée ? Non
82%
Quel Pokémon possède la statistique de base en Vitesse la plus élevée ? Non
82%
Quel Pokémon possède la statistique de base en Attaque la plus élevée ? Non
82%
Quel Pokémon possède la statistique de base en Vitesse la plus élevée ? Non
82%
Quel Pokémon possède la statistique de base en Défense la plus élevée ? Non
77%
Quel Pokémon possède la statistique de base en Vitesse la plus élevée ? Non
77%
Quel Pokémon possède la statistique de base en Défense Spéciale la plus élevée ? Non
77%
Quel Pokémon possède la statistique de base en Vitesse la plus élevée ? Non
77%
Quel Pokémon possède la statistique de base en Vitesse la plus élevée ? Non
73%
Quel Pokémon possède la statistique de base en PV la plus élevée ? Non
73%
Quel Pokémon possède la statistique de base en PV la plus élevée ? Non
68%
Quel Pokémon possède la statistique de base en Défense la plus élevée ? Non
68%
Quel Pokémon possède la statistique de base en Défense Spéciale la plus élevée ? Non
64%
Quel Pokémon possède la statistique de base en Attaque la plus élevée ? Non
64%
Quel Pokémon possède la statistique de base en Vitesse la plus élevée ? Non
64%
Quel Pokémon possède la statistique de base en Attaque Spéciale la plus élevée ? Non
59%
Quel Pokémon possède la statistique de base en Défense Spéciale la plus élevée ? Non
55%
Quel Pokémon possède la statistique de base en Attaque Spéciale la plus élevée ? Oui
55%
Quel Pokémon possède la statistique de base en Attaque la plus élevée ? Oui
50%
Quel Pokémon possède la statistique de base en Défense la plus élevée ? Non
45%
Quel Pokémon possède la statistique de base en Vitesse la plus élevée ? Oui
45%
Quel Pokémon possède la statistique de base en PV la plus élevée ? Non
45%
Quel Pokémon possède la statistique de base en Défense la plus élevée ? Non
41%
Quel Pokémon possède la statistique de base en PV la plus élevée ? Non
41%
Quel Pokémon possède la statistique de base en Vitesse la plus élevée ? Oui
32%
Quel Pokémon possède la statistique de base en PV la plus élevée ? Oui
27%
Quel Pokémon possède la statistique de base en Défense la plus élevée ? Oui
18%
Quel Pokémon possède la statistique de base en Défense Spéciale la plus élevée ? Oui
18%
Quel Pokémon possède la statistique de base en PV la plus élevée ? Oui
18%
Quel Pokémon possède la statistique de base en Défense la plus élevée ? Oui
14%
Aucun quiz correspondant
Distribution des résultats
% des personnes avec chaque résultat
Percentile par nombre de réponses
Votre historique - résultats
Vous n’avez pas pris ce quiz